|
|
|
|
| LEADER |
01023nam a22002537a 4500 |
| 001 |
38863 |
| 003 |
BD-DhAAL |
| 008 |
220705t2000 bg ||||| |||| 00| 0 ben d |
| 999 |
|
|
|c 44536
|d 44536
|
| 020 |
|
|
|a 984406058
|
| 040 |
|
|
|a BD-DhAAL
|c BD-DhAAL
|
| 041 |
|
|
|a ben
|
| 082 |
|
|
|a 891.443
|2 23
|
| 100 |
|
|
|a আলী, সৈয়দ মুজতবা
|9 18701
|
| 245 |
|
|
|a অবিশ্বাস্য /
|c সৈয়দ মুজতবা আলী
|
| 246 |
|
|
|a Abisshaso
|
| 250 |
|
|
|a চতুর্থ সংস্করণ
|
| 260 |
|
|
|a ঢাকা :
|b ষ্টুডেন্ট ওয়েজ ,
|c ২০০০.
|
| 300 |
|
|
|a ৯১ পৃষ্ঠা ;
|c ২২ সে.মি.
|
| 541 |
|
|
|a Donated by Akbar Ali Khan
|e 38863
|
| 650 |
|
|
|a Bengali fiction.
|9 33024
|
| 852 |
|
|
|a Ayesha Abed Library
|c Akbar Ali Khan Collection
|
| 942 |
|
|
|2 ddc
|c BK
|
| 952 |
|
|
|0 0
|1 0
|2 ddc
|4 0
|6 891_443000000000000_ALI
|7 1
|9 71191
|a BRACUL
|b BRACUL
|c AAKC
|d 2022-07-05
|e Donated by Akbar Ali Khan
|l 0
|o 891.443 ALI
|p 3010038863
|r 2022-07-05
|t 1
|w 2022-07-05
|y BK
|